000
00219nam a22000857a 4500
008
160809b xxu||||| |||| 00| 0 eng d
100
_9
72
_a
Singh R
245
_a
The Bubbly Drop
260
_a
New Delhi
_b
Children Book Trust
_c
2011
999
_c
2724
_d
2724